000 00754cab a2200241 4500
001 WB3311-01
008 090401t1997 xxu||||| |||| 00| 0 eng d
035 _a(Sirsi) u77108
041 _aeng
245 _aCIB agrees liability framework
260 _c1997
350 _a0
490 _aContract Journal
_v387(6115) 12 March 1997, 2(1)
520 _aThe Construction Industry Board Working Group 10 has produced a framework for future legislation on liability law and latent defects insurance.
650 _aBUILDING DEFECTS
650 _aBUILT ENVIRONMENT-BUILDING MATERIALS
650 _aLATENT DEFECTS INSURANCE
650 _aLATHAM REFORMS
650 _aLIABILITY
690 _aBUILT ENVIRONMENT
942 _n0
948 _c14/03/1997
999 _c48467
_d48467